[Event "Kalamazoo op1"]
[Site "Kalamazoo"]
[Date "2003.08.31"]
[Round "4.3"]
[White "Aguilar, Javier"]
[Black "Avery, James"]
[Result "1-0"]
[WhiteElo "1380"]
[BlackElo "1033"]
[PlyCount "49"]
[EventDate "2003.08.29"]
[EventType "swiss"]
[EventRounds "7"]
[EventCountry "USA"]
[SourceTitle "EXT 2007"]
[Source "ChessBase"]
[SourceDate "2006.11.23"]
[SourceVersion "1"]
[SourceVersionDate "2006.11.23"]
[SourceQuality "1"]

1. d4 e6 2. e3 d5 3. Bd3 Bd7 4. f4 Bd6 5. Nf3 Ne7 6. 0-0 0-0 7. Nbd2 c5 8. c3 cxd4 9. cxd4 f5 10. Ng5 h6 11. Ngf3 Ng6 12. Qe1 Be7 13. Ne5 Nxe5 14. dxe5 Nc6 15. a3 d4 16. e4 fxe4 17. Qxe4 Rf5 18. g4 g6 19. gxf5 gxf5 20. Qg2+ Kf8 21. Qg6 Be8 22. Qxh6+ Kg8 23. Kh1 Bf8 24. Rg1+ Kf7 25. Qh7+ 1-0

[Event "Lansing op"]
[Site "Lansing"]
[Date "2002.09.02"]
[Round "7"]
[White "Avery, James"]
[Black "Tyle, Sujay"]
[Result "1-0"]
[WhiteElo "744"]
[BlackElo "999"]
[PlyCount "69"]
[EventDate "2002.08.30"]
[EventType "swiss"]
[EventRounds "7"]
[EventCountry "USA"]
[SourceTitle "EXT 2007"]
[Source "ChessBase"]
[SourceDate "2006.11.23"]
[SourceVersion "1"]
[SourceVersionDate "2006.11.23"]
[SourceQuality "1"]

1. e4 e5 2. Nf3 Nc6 3. Be2 Nf6 4. Nc3 Bc5 5. 0-0 d6 6. b3 Bg4 7. h3 Bxf3 8. Bxf3 Bb4 9. Bb2 Bxc3 10. Bxc3 Nd4 11. Bxd4 exd4 12. Re1 c6 13. e5 dxe5 14. Rxe5+ Kf8 15. Qe2 Nd7 16. Re4 Nf6 17. Rf4 g5 18. Rf5 h6 19. Qc4 b5 20. Qxc6 Rb8 21. Rxf6 Rb6 22. Qc5+ Qe7 23. Qxe7+ Kxe7 24. Rxb6 axb6 25. Re1+ Kf8 26. d3 Kg7 27. Re4 Rc8 28. Bd1 Rd8 29. Kh2 f5 30. Re5 Ra8 31. Rxf5 Rxa2 32. Rxb5 Ra1 33. Bf3 Rf1 34. Kg3 Rd1 35. Bxd1 1-0